Penalidad en el código negro de la isla española / (Registro nro. 4821)
[ vista simple ]
| 000 -CABECERA | |
|---|---|
| campo de control de longitud fija | 00953nam a2200241 a 4500 |
| 001 - NÚMERO DE CONTROL | |
| campo de control | 000005015 |
| 005 - FECHA Y HORA DE LA ÚLTIMA TRANSACCIÓN | |
| campo de control | 20240305140450.0 |
| 008 - DATOS DE LONGITUD FIJA--INFORMACIÓN GENERAL | |
| campo de control de longitud fija | 090729s2006 dr 000 0 spa d |
| 020 ## - NÚMERO INTERNACIONAL ESTÁNDAR DEL LIBRO | |
| Número Internacional Estándar del Libro | 9993483591 |
| 040 ## - FUENTE DE LA CATALOGACIÓN | |
| Centro catalogador/agencia de origen | DO-SdBNP |
| Lengua de catalogación | spa |
| Centro/agencia transcriptor | BNPHU |
| 082 ## - NÚMERO DE LA CLASIFICACIÓN DECIMAL DEWEY | |
| Número de clasificación | xxxx |
| Número de documento/Ítem | C343p |
| 100 1# - ENTRADA PRINCIPAL--NOMBRE DE PERSONA | |
| Nombre de persona | Quirós, Constancio Bernaldo |
| 9 (RLIN) | 14452 |
| 245 10 - MENCIÓN DE TÍTULO | |
| Título | Penalidad en el código negro de la isla española / |
| Mención de responsabilidad, etc. | Constancio Bernaldo de Quirós ; prólogo Roberto Cassá y Bernaldo de Quirós ; editor Wilfredo Mora. |
| 260 ## - PUBLICACIÓN, DISTRIBUCIÓN, ETC. | |
| Lugar de publicación, distribución, etc. | Santo Domingo, |
| Fecha de publicación, distribución, etc. | 2006. |
| 490 1# - MENCIÓN DE SERIE | |
| Mención de serie | Pensamiento Crimonológico Dominicano |
| 490 1# - MENCIÓN DE SERIE | |
| Mención de serie | Maestros de la criminología dominicana |
| 500 ## - NOTA GENERAL | |
| Nota general | Incluye bibliografías (67-68) |
| 700 1# - PUNTO DE ACCESO ADICIONAL--NOMBRE DE PERSONA | |
| Nombre de persona | Cassá, Roberto, |
| Fechas asociadas al nombre | 1948- |
| Término indicativo de función/relación | pról. |
| 9 (RLIN) | 10888 |
| 700 1# - PUNTO DE ACCESO ADICIONAL--NOMBRE DE PERSONA | |
| Nombre de persona | Quirós, Bernaldo de, |
| Término indicativo de función/relación | pról. |
| 9 (RLIN) | 14453 |
| 700 1# - PUNTO DE ACCESO ADICIONAL--NOMBRE DE PERSONA | |
| Nombre de persona | Mora, Wilfredo, |
| Fechas asociadas al nombre | 1965- |
| Término indicativo de función/relación | ed. |
| 9 (RLIN) | 12701 |
| 830 #0 - PUNTO DE ACCESO ADICIONAL DE SERIE-TÍTULO UNIFORME | |
| Título uniforme | Pensamiento Crimonológico Dominicano |
| 9 (RLIN) | 14454 |
| 830 #0 - PUNTO DE ACCESO ADICIONAL DE SERIE-TÍTULO UNIFORME | |
| Título uniforme | Maestros de la criminología dominicana |
| 9 (RLIN) | 14455 |
| Estado de retiro | Estado de pérdida | Restricciones de uso | No para préstamo | Código de colección | Localización permanente | Ubicación/localización actual | Ubicación en estantería | Fecha de adquisición | Número de inventario | Total de préstamos | Signatura topográfica completa | Código de barras | Fecha visto por última vez | Número de copia | Precio válido a partir de | Tipo de ítem Koha |
|---|---|---|---|---|---|---|---|---|---|---|---|---|---|---|---|---|
| Préstamo interno | Dominicana de Servicio | General | General | En catalogación | 29.07.2009 | LF1 | xxxx C343p | 5015-30 | 25.06.2020 | e. 3 | 25.06.2020 | Libro y Folleto Colección Dominicana de Servicio | ||||
| Extraviado | Préstamo interno | Dominicana de Servicio | General | General | Extraviado | 02.02.2010 | LF1 | xxxx C343p | 5015-40 | 25.06.2020 | e. 4 | 25.06.2020 | Libro y Folleto Colección Dominicana de Servicio | |||
| Extraviado | Préstamo interno | Dominicana de Servicio | General | General | Extraviado | 02.02.2010 | LF1 | xxxx C343p | 5015-50 | 25.06.2020 | e. 5 | 25.06.2020 | Libro y Folleto Colección Dominicana de Servicio | |||
| Excluido de préstamo | Patrimonio Dominicano | Patrimonio Dominicano | Patrimonio Dominicano | En catalogación | 29.07.2009 | LF1 | xxxx C343p | 5015-10 | 25.06.2020 | 25.06.2020 | Libro y Folleto Colección Patrimonio Dominicano | |||||
| Excluido de préstamo | Patrimonio Dominicano | Patrimonio Dominicano | Patrimonio Dominicano | En catalogación | 29.07.2009 | LF1 | xxxx C343p | 5015-20 | 25.06.2020 | e. 2 | 25.06.2020 | Libro y Folleto Colección Patrimonio Dominicano |
